00850naa a2200205 i 4500001000400000003000400004005001700008008003900025040000800064080001000072100017300082245011400255260001000369500002600379650002800405650002600433655003000459711007200489773008300561BPPBPK20160108134241.0140318s1989 pl f |100 0 pol cBPK a628.4 aSZYMAŃSKI, Kazimierz.d1970 - 1996.bWyższa Szkoła Inżynierska w Koszalinie - Wydział Inżynierii Lądowej i Sanitarnej,cZakład Biologii i Chemii Sanitarnej aEliminacja wybranych zanieczyszczeń odcieku wysypiskowego w warstwie wodonośnej /cKazimierz Szymański. c1989. aDane z kartoteki bpp. 0aSkładowiska odpadów. 0aOchrona środowiska. 0aMateriały konferencyjne. aKonferencja Naukowo-Techniczna PZITSd(1989 ;cKołobrzeg, Polska). iW :tKonferencja Naukowo-Techniczna : materiały. -dKoszalin : PZITS, 1989. -